[Event "Chesscup Blitz 2020"]
[Site "Katowice"]
[Date "2020.09.12"]
[Round "9.4"]
[White "Klekowski, Maciej"]
[Black "Koziak, Vitali"]
[Result "1/2-1/2"]
[WhiteElo "2511"]
[BlackElo "2434"]
[Annotator "TA"]
[PlyCount "114"]
[EventDate "2020.09.12"]
[EventType "swiss"]
[EventCountry "POL"]
[SourceTitle "playchess.com"]
[Source "ChessBase"]
[SourceQuality "1"]

{[%evp 16,114,9,0,0,0,12,10,7,0,18,12,9,13,24,0,0,-139,-68,-43,0,0,0,0,0,0,0,-11,0,0,5,0,0,-10,26,0,0,0,0,0,0,-77,-8,-198,-82,-289,-288,-350,-362,-454,-433,-649,-406,-393,-411,-393,-373,-537,-376,-579,-389,-389,-389,-403,-402,-399,-393,-389,-387,-397,-362,-370,-354,-362,-362,-359,-307,-362,-357,-357,-293,-29950,-475,-467,-467,-435,-157,-215,-155,-154,-146,-106,0,-80,0,0,0,0,0,0,0]} 1. c4 c6 2. Nf3 d5 3. b3 Bg4 4. Bb2 Nf6 5. e3 e6 6. Be2 Nbd7 7. O-O Bd6 8. d3 O-O 9. Nbd2 Re8 {has lost popularity (9...Qe7). A12: English Opening: 1...c6 with b3 by White.} 10. h3 Bxf3 11. Nxf3 e5 {[#]} 12. a3 $146 ({Predecessor:} 12. Rc1 Rc8 13. Qc2 Qe7 14. Nd2 Ba3 15. Bxa3 Qxa3 16. Nb1 Qe7 17. Qb2 Red8 18. cxd5 cxd5 {½-½ (60) Alvarez,L (2111)-Jesse,J (1790) Laguna Paiva 2018}) 12... a5 13. Qc2 Qe7 14. Rfd1 Rad8 15. Qc3 d4 16. Qxa5 (16. exd4 $11 exd4 17. Nxd4) 16... dxe3 (16... Nc5 $17 17. Qe1 dxe3) 17. fxe3 $15 Ra8 18. Qc3 Bxa3 19. Rxa3 Rxa3 20. Bxa3 Qxa3 21. Ra1 Qc5 22. d4 Qe7 23. Bf1 Ne4 24. Qe1 Nd6 25. Qb4 (25. c5 $5 {[%cal Rc5d6]} Nf5 26. Qf2 $14) 25... exd4 26. exd4 {Black must now prevent Re1.} Qe3+ 27. Kh1 Ne4 $36 {[%mdl 2048] Black is pushing.} 28. Qe1 (28. Re1 $11 Qf4 29. Kg1) 28... Qf4 (28... Qxb3 $17 29. Kh2 Ndf6) 29. Qc1 $2 (29. Kg1 $11) 29... Qg3 (29... Nf2+ $19 30. Kg1 Nxh3+ $1 {[%mdl 576] Deflection} 31. gxh3 Qxf3) 30. Ra2 $2 (30. Kg1 $17) 30... Nf2+ $19 31. Rxf2 Qxf2 32. Kh2 Nf6 33. Bd3 (33. Qd1 $142) 33... Qe3 34. Qc2 Qf4+ 35. Kg1 Ne4 36. b4 (36. Qe2 $142) 36... g6 37. b5 (37. Qe2 {might work better.}) 37... Ng3 38. bxc6 bxc6 39. c5 Qe3+ 40. Kh2 Ne4 41. Bxe4 Qxe4 {[%mdl 4096] Endgame KQR-KQN} ({Resist} 41... Rxe4 42. Qb2 $19) 42. Qb3 Qf4+ 43. Kg1 Ra8 44. Kf2 Kg7 45. Qb2 Qf6 46. Kg1 Re8 47. Ne5 h5 48. Nd7 $2 (48. Nf3 $19) 48... Qe7 (48... Re1+ $142 49. Kh2 Qf4+ 50. g3 Qf1 51. d5+ f6 52. Qxf6+ Qxf6 53. Nxf6 Kxf6 54. Kg2 cxd5 55. Kf2 Re6 56. c6 Rxc6 57. Ke1 Rc3 58. Kf2 d4 59. Ke2 Rxg3 60. Ke1 Rxh3 61. Ke2 Re3+ 62. Kd1 h4 63. Kc2 h3 64. Kd2 h2 65. Kc2 h1=Q 66. Kd2 Rg3 67. Ke2 Qh2+ 68. Kf1 Rg1#) 49. d5+ f6 50. dxc6 {intending Qd4.} Qe1+ (50... Qe6 $142 51. Qd4 Qxc6) 51. Kh2 Qf1 52. c7 {[#]} Qf4+ $1 53. g3 Qf5 {[#]} ({But not} 53... Qxc7 $6 54. Nxf6 Rb8 55. Qc3 $11) (53... Qf3 $17 54. c8=Q Rxc8 55. Nxf6 Kf7) 54. Nb6 (54. c8=R $1 $11 {[%mdl 512] keeps the balance.} Rxc8 55. Qb7 Qf2+ 56. Kh1) 54... Qf3 ({Black should try} 54... Qxc5 $17 55. c8=Q Rxc8 56. Nxc8 Qxc8) 55. c8=Q $11 {The position is equal.} Re2+ $1 56. Qxe2 $1 Qxe2+ 57. Kg1 {aiming for Qd7+.} Qe1+ {Accuracy: White = 53%, Black = 56%.} 1/2-1/2

[Event "Chesscup Blitz 2020"]
[Site "Katowice"]
[Date "2020.09.12"]
[Round "9.5"]
[White "Sadzikowski, Daniel"]
[Black "Faron, Rafal"]
[Result "1-0"]
[WhiteElo "2413"]
[BlackElo "2224"]
[Annotator "TA"]
[PlyCount "61"]
[EventDate "2020.09.12"]
[EventType "swiss"]
[EventCountry "POL"]
[SourceTitle "playchess.com"]
[Source "ChessBase"]
[SourceQuality "1"]

{[%evp 13,61,21,35,29,48,48,35,39,29,48,33,-44,-41,-45,-34,-41,-52,-50,-46,-60,-35,-68,-75,-72,-87,-261,-270,-442,-419,-439,-425,-850,-822,-826,-763,-1017,-402,-404,-393,-459,-474,-1302,-1290,-1521,-1195,-1914,-1893,-29995,-29996,-29996]} 1. c4 Nf6 2. g3 g6 3. Bg2 d5 4. cxd5 Nxd5 5. Nc3 Nb6 6. d3 Bg7 7. Be3 Nc6 8. Rc1 {A16: English Opening: 1...Nf6 with ...d5.} O-O 9. h4 h5 {[#]} 10. Nf3 $146 {White is slightly better.} ({Predecessor:} 10. Qd2 Re8 11. Nf3 Bg4 12. O-O a5 13. Ne4 Nd5 14. Bh6 Bh8 15. Nc5 b6 16. Ne4 {1-0 (141) Fantinel,T (2405)-Rakotomaharo,F (2407) Paris 2017}) 10... e5 11. O-O Nd4 12. Bxd4 (12. Bg5 $14 f6 13. Bd2) 12... exd4 $15 13. Ne4 c6 14. Qb3 Be6 15. Qa3 Re8 16. Qa5 Qe7 17. a3 Bd5 18. Nfd2 Bh6 19. Rc2 $2 {[#]} (19. Rfe1 $17) 19... f5 $19 20. Nc5 $2 (20. Ng5 {might work better.} Qxe2 21. Qb4 Bxg5 22. hxg5 Qxd3 23. Bxd5+ Nxd5 24. Qc4) 20... Bxg2 21. Kxg2 Qxe2 22. Kg1 (22. Nxb7 $142 Qxd3 23. Qc5) 22... f4 23. Nce4 fxg3 24. Nxg3 Qg4 (24... Qxd3 $142 25. Rfc1 Nd5) 25. Nde4 {[#] And now Nf6+ would win.} Rf8 26. Qe5 Nd5 {Strongly threatening ...Bf4.} 27. Ng5 (27. f3 $142 Be3+ 28. Kh1 Rxf3 29. Rxf3 Qxf3+ 30. Rg2) 27... Rae8 28. Qd6 Rf6 29. Qc5 Bxg5 30. Kg2 Nf4+ 31. Kg1 {[%mdl 32768] White got outplayed after the opening. Accuracy: White = 34%, Black = 86%. . Sensor Board Error (Ke4/e5)?} 1-0

[Event "Chesscup Blitz 2020"]
[Site "Katowice"]
[Date "2020.09.12"]
[Round "9.6"]
[White "Lewicki, Miroslaw"]
[Black "Krasenkova, Ilena"]
[Result "1-0"]
[WhiteElo "2348"]
[BlackElo "2178"]
[Annotator "TA"]
[PlyCount "45"]
[EventDate "2020.09.12"]
[EventType "swiss"]
[EventCountry "POL"]
[SourceTitle "playchess.com"]
[Source "ChessBase"]
[SourceQuality "1"]

{[%evp 9,45,54,46,53,69,60,92,74,87,31,85,50,78,9,15,5,0,0,127,135,123,67,168,162,163,168,191,188,177,106,199,198,190,189,302,258,431,428]} 1. e4 Nf6 2. e5 Nd5 3. Nf3 e6 4. d4 Be7 5. Bd3 {[#]} Nb4 $146 ({Predecessor:} 5... O-O 6. h4 d6 7. Bxh7+ Kxh7 8. Ng5+ Kg8 9. Qh5 Bxg5 10. hxg5 f5 11. g6 {1-0 (11) Pilzak,M (2072)-Cygan,M (1393) Wroclaw 2020}) 6. Be2 {C01: French: Exchange Variation.} d5 7. O-O O-O 8. a3 {White is better.} N4c6 9. Bf4 (9. Bd3 $16) 9... a5 (9... f6 $14) 10. Bg3 b6 11. Nbd2 (11. c4 $16) 11... Ba6 $11 12. c4 dxc4 13. Nxc4 {[%cal Bd2c4,Bc4e3,Be3d5][%mdl 32]} b5 (13... Qd7 $11 {remains equal.}) 14. Ne3 $16 b4 {[#]} 15. Bxa6 ({Better is} 15. Re1 $1 $16) 15... Rxa6 {[#]} (15... Nxa6 $14 16. Rc1 Ncb8) 16. d5 $1 $18 exd5 17. Nxd5 bxa3 18. bxa3 h6 19. e6 (19. Qd3 $18) 19... Bd6 (19... fxe6 $16 {keeps fighting.} 20. Nxc7 {[%mdl 64] Double Attack} Qxd1 21. Rfxd1 (21. Raxd1 Rb6 $16) 21... Rb6 22. Nxe6 Rf5) 20. exf7+ Rxf7 {Strongly threatening ...Bxg3.} 21. Re1 Nd7 (21... a4 $142) 22. Qb3 Bxg3 $2 (22... Nc5 23. Qc4 a4 24. Nxc7 Na5 25. Qxf7+ Kxf7 26. Nxa6 Qb6) 23. hxg3 {Accuracy: White = 62%, Black = 30%.} 1-0

[Event "Chesscup Blitz 2020"]
[Site "Katowice"]
[Date "2020.09.12"]
[Round "9.7"]
[White "Walter, Szymon"]
[Black "Barski, Radoslaw"]
[Result "1-0"]
[WhiteElo "2227"]
[BlackElo "2446"]
[Annotator "TA"]
[PlyCount "33"]
[EventDate "2020.09.12"]
[EventType "swiss"]
[EventCountry "POL"]
[SourceTitle "playchess.com"]
[Source "ChessBase"]
[SourceQuality "1"]

{[%evp 20,33,0,0,0,0,6,0,73,71,61,63,124,127,126,126]} 1. e4 e5 2. Nf3 Nc6 3. Bb5 a6 4. Ba4 Nf6 5. O-O Be7 6. Re1 b5 7. Bb3 O-O 8. d4 Nxd4 9. Bxf7+ Rxf7 10. Nxe5 Rf8 11. Qxd4 c5 {C88: Closed Ruy Lopez: Anti-Marshall Systems.} 12. Qd1 Bb7 13. Nc3 {[#]} c4 $146 (13... b4 $11 {keeps the balance.} 14. Nd5 Nxd5 15. exd5 Qc7) ({Predecessor:} 13... b4 14. Nd5 Nxd5 15. exd5 Bd6 16. c4 bxc3 17. bxc3 a5 18. Nf3 Qf6 19. Bg5 Qg6 {1-0 (72) Nepomniachtchi,I (2773)-Aronian,L (2762) Moscow 2019}) 14. Ng4 $16 Bc5 {[#] aiming for ...Nxg4.} 15. Be3 Qe7 (15... Bxe3 $14 16. Rxe3 (16. Nxe3 Nxe4 17. Nxe4 Bxe4 $14) 16... Nxg4 17. Qxg4 Qf6) 16. Nxf6+ Rxf6 17. Nd5 {White took control after the opening.} 1-0

[Event "Chesscup Blitz 2020"]
[Site "Katowice"]
[Date "2020.09.12"]
[Round "9.8"]
[White "Jakubowska, Anna"]
[Black "Tsatsalashvili, Keti"]
[Result "1-0"]
[WhiteElo "2051"]
[BlackElo "2246"]
[Annotator "ChessBase"]
[PlyCount "55"]
[EventDate "2020.09.12"]
[EventType "swiss"]
[EventCountry "POL"]
[SourceTitle "playchess.com"]
[Source "ChessBase"]
[SourceQuality "1"]
[TimeControl "180+2"]

1. e4 {[%emt 0:00:00]} c5 {[%emt 0:00:00]} 2. Nc3 {[%emt 0:00:00]} d6 {[%emt 0:00:00]} 3. g3 {[%emt 0:00:01]} Nc6 {[%emt 0:00:01]} 4. Bg2 {[%emt 0:00:02]} g6 {[%emt 0:00:01]} 5. d3 {[%emt 0:00:00]} Bg7 {[%emt 0:00:01]} 6. Nh3 {[%emt 0:00:03]} e5 {[%emt 0:00:04]} 7. O-O {[%emt 0:00:02]} Nge7 {[%emt 0:00:09]} 8. f4 {[%emt 0:00:01]} O-O {[%emt 0:00:05]} 9. f5 {[%emt 0:00:02]} gxf5 {[%emt 0:00:07]} 10. exf5 {[%emt 0:00:02]} Bxf5 {[%emt 0:00:03]} 11. Rxf5 {[%emt 0:00:01]} Nxf5 {[%emt 0:00:03]} 12. Be4 {[%emt 0:00:01]} Ncd4 {[%emt 0:01:01]} 13. Qh5 {[%emt 0:00:12]} Qf6 {[%emt 0:01:20]} 14. Nd5 {[%emt 0:00:01]} Qe6 {[%emt 0:00:01]} 15. c3 {[%emt 0:01:37]} h6 {[%emt 0:00:19]} 16. cxd4 {[%emt 0:00:08]} Nxd4 {[%emt 0:00:01]} 17. Nc7 {[%emt 0:00:07]} Qd7 {[%emt 0:00:06]} 18. Nxa8 {[%emt 0:00:04]} Rxa8 {[%emt 0:00:02]} 19. Bxh6 {[%emt 0:00:06]} f5 {[%emt 0:00:07]} 20. Bd5+ {[%emt 0:00:04]} Kf8 {[%emt 0:00:01]} 21. Ng5 {[%emt 0:00:04]} Bxh6 {[%emt 0:00:04]} 22. Qxh6+ {[%emt 0:00:02]} Ke7 {[%emt 0:00:01]} 23. Qg7+ {[%emt 0:00:04]} Kd8 {[%emt 0:00:00]} 24. Qf8+ {[%emt 0:00:10]} Kc7 {[%emt 0:00:01]} 25. Qxa8 {[%emt 0:00:03]} Kb6 {[%emt 0:00:01]} 26. Qxb7+ {[%emt 0:00:08]} Qxb7 {[%emt 0:00:01]} 27. Bxb7 {[%emt 0:00:01]} Kxb7 {[%emt 0:00:02]} 28. h4 {[%emt 0:00:02]} 1-0

[Event "Chesscup Blitz 2020"]
[Site "Katowice"]
[Date "2020.09.12"]
[Round "9.9"]
[White "Jarmula, Lukasz"]
[Black "Wilk, Igor"]
[Result "1-0"]
[WhiteElo "2244"]
[BlackElo "1744"]
[Annotator "ChessBase"]
[PlyCount "65"]
[EventDate "2020.09.12"]
[EventType "swiss"]
[EventCountry "POL"]
[SourceTitle "playchess.com"]
[Source "ChessBase"]
[SourceQuality "1"]
[TimeControl "180+2"]

1. c4 Nf6 2. Nc3 e6 3. e4 c5 4. e5 Ng8 5. Nf3 Nc6 6. d4 cxd4 7. Nxd4 Nxe5 8. Ndb5 f6 9. Be3 a6 10. Nd6+ Bxd6 11. Qxd6 Ne7 12. Bb6 Nf5 13. Qc5 Qe7 14. Qxe7+ Kxe7 15. f4 Nc6 16. O-O-O d5 17. cxd5 exd5 18. Nxd5+ Kf7 19. Nc7 Rb8 20. Bc4+ {[%emt 0:01:44]} Kg6 {[%emt 0:01:28]} 21. g4 {[%emt 0:00:06]} Nfe7 {[%emt 0:00:16]} 22. f5+ {[%emt 0:00:06]} Kh6 {[%emt 0:00:09]} 23. Rd6 {[%emt 0:00:27]} Ne5 {[%emt 0:00:29]} 24. Be2 {[%emt 0:00:18]} Rf8 {[%emt 0:00:16]} 25. Be3+ {[%emt 0:00:07]} g5 {[%emt 0:00:01]} 26. h4 {[%emt 0:00:02]} Kg7 {[%emt 0:00:11]} 27. hxg5 {[%emt 0:00:01]} fxg5 {[%emt 0:00:01]} 28. Bd4 {[%emt 0:00:07]} N7c6 {[%emt 0:00:05]} 29. Rxc6 {[%emt 0:00:02]} bxc6 {[%emt 0:00:03]} 30. Bxe5+ {[%emt 0:00:02]} Kg8 {[%emt 0:00:08]} 31. Bc4+ {[%emt 0:00:02]} Rf7 {[%emt 0:00:01]} 32. Bxf7+ {[%emt 0:00:04]} Kxf7 {[%emt 0:00:01]} 33. Rxh7+ {[%emt 0:00:02]} 1-0

[Event "Chesscup Blitz 2020"]
[Site "Katowice"]
[Date "2020.09.12"]
[Round "9.10"]
[White "Socko, Bartosz"]
[Black "Turski, Bartlomiej"]
[Result "1-0"]
[WhiteElo "2601"]
[BlackElo "1985"]
[Annotator "TA"]
[PlyCount "81"]
[EventDate "2020.09.12"]
[EventType "swiss"]
[EventCountry "POL"]
[SourceTitle "playchess.com"]
[Source "ChessBase"]
[SourceQuality "1"]

{[%evp 19,81,-10,2,-14,5,-4,98,0,0,0,27,29,27,20,154,153,149,-8,-15,-6,-6,-10,-20,-24,-3,-11,0,0,10,13,80,80,92,89,85,75,71,79,99,103,133,112,184,190,175,155,528,523,514,512,470,438,637,627,637,622,585,553,882,872,804,804,903,897]} 1. g3 g6 2. Bg2 Bg7 3. e4 c5 4. Ne2 Nc6 5. O-O e6 6. c4 Nge7 7. Nbc3 O-O 8. d3 d6 9. Be3 Nd4 10. Qd2 Nec6 11. f4 {A36: Symmetrical English vs ...g6: 4 Bg2 Bg7.} f5 12. Rae1 {[#]} e5 $146 {[#]} (12... Rb8 $11) ({Predecessor:} 12... Rb8 13. b3 a6 14. h3 b5 15. exf5 gxf5 16. cxb5 axb5 17. Bxc6 Nxc6 18. d4 d5 {½-½ (65) Pham,B (2167)-Galas,B (2073) Xingtai 2019}) 13. Bxd4 ({White should play} 13. fxe5 $1 $16 {Threatens to win with Bg5.} dxe5 14. exf5 Bxf5 15. Ne4) 13... cxd4 14. Nd5 Be6 15. exf5 Bxf5 16. b4 {[%cal Bb2b4,Bb4b5][%mdl 32]} Qd7 (16... Kh8 $11) 17. b5 $16 Ne7 {[#]} 18. h3 $2 (18. Nxd4 $1 $16 {[%mdl 512]} Kh8 (18... exd4 19. Rxe7) 19. fxe5) 18... Nxd5 $11 19. Bxd5+ Be6 20. Bxe6+ Qxe6 21. Kh2 Qd7 22. fxe5 Bxe5 23. Nf4 $36 {[%mdl 2048] White has the initiative.} Rae8 24. Nd5 Rxf1 (24... a6 $11) 25. Rxf1 $16 Rf8 26. Rxf8+ Kxf8 27. Qf2+ Kg7 28. Kg2 Qe6 29. Qf3 Qd7 30. a4 b6 (30... a6 $16) 31. Qg4 Qf7 32. Qc8 h5 $2 {This costs Black the game.} (32... Kh6 $16 33. Qg4 Kg7) 33. Qc7 $18 {White is clearly winning.} Qxc7 34. Nxc7 {[%mdl 4096] Endgame KB-KN} Kf7 35. Kf3 Ke7 (35... Bg7 $142 36. Nd5 Ke8) 36. Nd5+ Kd7 37. g4 Ke6 38. Ke4 hxg4 39. hxg4 Kd7 40. Nb4 Kc7 41. Nc6 {Accuracy: White = 84%, Black = 45%.} 1-0

[Event "Chesscup Blitz 2020"]
[Site "Katowice"]
[Date "2020.09.12"]
[Round "10.1"]
[White "Janik, Igor"]
[Black "Teclaf, Pawel"]
[Result "0-1"]
[WhiteElo "2470"]
[BlackElo "2464"]
[Annotator "TA"]
[PlyCount "66"]
[EventDate "2020.09.12"]
[EventType "swiss"]
[EventCountry "POL"]
[SourceTitle "playchess.com"]
[Source "ChessBase"]
[SourceQuality "1"]

{[%evp 10,65,19,2,-8,0,53,43,69,45,157,64,75,42,46,34,27,16,28,18,23,20,35,-10,-10,0,0,-12,0,1,9,-9,0,-107,-107,-106,-95,-135,-135,-121,-137,-165,-164,-208,-201,-217,-204,-240,-235,-2354,-2343,-5738,-2565,-12841,-12841,-12834,-12814,-29999]} 1. d4 e6 2. c4 b6 3. e4 Bb7 4. Nc3 Bb4 5. Bd3 f5 6. f3 Qh4+ {A40: Unusual replies to 1 d4.} 7. g3 Qf6 {[#]} (7... Qh5 $1 $11) 8. Nge2 $146 ({Predecessor:} 8. Be3 Nc6 9. Nge2 e5 10. Bc2 O-O-O 11. a3 Bxc3+ 12. bxc3 Nge7 13. Rf1 d6 14. d5 {0-1 (63) Pastukhov,B-Bernhard,P (2142) England 2013}) 8... Ne7 {White is slightly better.} 9. O-O {And now e5 would win.} O-O (9... Bxc3 $1 $14 10. bxc3 Nbc6) 10. Be3 (10. e5 $16 Qf7 11. Nb5) 10... Nbc6 11. e5 Qf7 12. Nb5 {aiming for a3.} a6 13. Nxc7 Rac8 14. a3 Rxc7 15. axb4 Nxb4 16. Nf4 Nxd3 17. Qxd3 g5 18. Ng2 Qh5 19. d5 exd5 20. Bxb6 Rxc4 21. Bd4 {[#]} (21. Ne3 $11 Rc6 22. Nxd5 Nxd5 23. Qxd5+ {[%mdl 64] Double Attack} Qf7 24. Qxf7+ Kxf7 25. Ba5) 21... f4 $1 $17 22. gxf4 gxf4 23. b3 Rc6 24. Rf2 Rg6 25. Bc5 Qxe5 26. Raa2 d6 27. Bd4 Qh5 28. Kh1 Nf5 {Strongly threatening ...Rh6.} 29. Nxf4 $2 (29. Rac2) 29... Ng3+ $1 $19 {[%mdl 64] Discovered Attack} 30. Kg2 Rxf4 31. hxg3 {[#]} Rxg3+ $1 {[%mdl 512]} 32. Kf1 (32. Kxg3 Qg5+) 32... Rgxf3 33. Qe2 Qh1# {Accuracy: White = 40%, Black = 87%.} 0-1

[Event "Chesscup Blitz 2020"]
[Site "Katowice"]
[Date "2020.09.12"]
[Round "10.2"]
[White "Golubka, Petro"]
[Black "Jakubowski, Krzysztof"]
[Result "0-1"]
[WhiteElo "2488"]
[BlackElo "2481"]
[Annotator "TA"]
[PlyCount "66"]
[EventDate "2020.09.12"]
[EventType "swiss"]
[EventCountry "POL"]
[SourceTitle "playchess.com"]
[Source "ChessBase"]
[SourceQuality "1"]

{[%evp 13,66,47,47,26,33,25,39,8,3,8,0,0,6,2,60,40,67,97,70,76,111,101,93,102,99,80,254,88,101,107,99,93,75,42,82,3,26,0,5,-8,-6,-8,-4,-9,0,-86,-83,-121,-114,-99,-110,-158,-97,-96,-97]} 1. e4 c5 2. Nf3 e6 3. Nc3 a6 4. d4 cxd4 5. Nxd4 b5 6. Bd3 Ne7 7. O-O Nec6 8. Nb3 {B43: Sicilian: Kan Variation: 5 Nc3.} Be7 9. f4 O-O 10. Kh1 {White is slightly better.} d6 {[#]} 11. Be3 $146 ({Predecessor:} 11. Qh5 Nd7 12. Bd2 Bb7 13. Rae1 Nb4 14. f5 exf5 15. Qxf5 Ne5 16. Qh3 Bc8 17. Qe3 Nexd3 18. cxd3 {0-1 (40) Zshivkov,G-Kurtenkov,A (2385) Bankia 1992}) 11... Nd7 12. Qf3 Qc7 13. Qh3 g6 (13... Nb4 $11) 14. f5 b4 15. Ne2 ({Of course not} 15. fxe6 bxc3 16. exd7 Bxd7 $15) 15... exf5 16. exf5 Nde5 17. Nf4 Nxd3 18. Nd5 Qb7 {Hoping for ...Nde5.} 19. cxd3 {Strongly threatening Bh6.} Ne5 $2 (19... Bxf5 $16 20. Rxf5 gxf5) 20. Nb6 $2 (20. Nxe7+ $18 Qxe7 21. f6 Bxh3 22. fxe7) 20... Bxf5 $16 21. Rxf5 gxf5 22. Nxa8 Rxa8 23. Qxf5 Bf8 24. d4 (24. Nd4 $16) 24... Ng6 25. Bf2 Re8 26. Kg1 Re2 27. Rb1 $1 Bg7 28. Nc1 Nh4 $40 {[%csl Gh4][%cal Rb7g2][%mdl 128] Black attacks.} 29. Qg4 {[#]} (29. Qh3 $11 {keeps the balance.} Qe4 30. Qxh4 Qxb1 {[%mdl 64] Double Attack} 31. Qd8+ {[%mdl 64] Double Attack} Bf8 32. Qg5+ Bg7 33. Qd8+ {[%mdl 64] Double Attack} Bf8 34. Qg5+ Bg7 35. Qd8+ {[%mdl 64] Double Attack}) 29... Re4 $1 $17 {[%cal Re4g4]} ({Don't play} 29... Qe4 $6 30. Qxh4 Qxb1 31. Qd8+ Bf8 32. Qg5+ Bg7 33. Qd8+ Bf8 34. Qg5+ Bg7 35. Qd8+ $11 {[%mdl 64] Double Attack}) 30. Qh3 Bxd4 31. Bxd4 Rxd4 32. Ne2 {[#]} Re4 ({Black should play} 32... Qe4 $1 {[%cal Re4b1]} 33. Qg3+ Ng6) 33. Ng3 Rc4 {Accuracy: White = 57%, Black = 63%.} 0-1

[Event "Chesscup Blitz 2020"]
[Site "Katowice"]
[Date "2020.09.12"]
[Round "10.3"]
[White "Piorun, Kacper"]
[Black "Lewicki, Miroslaw"]
[Result "1-0"]
[WhiteElo "2596"]
[BlackElo "2348"]
[Annotator "TA"]
[PlyCount "63"]
[EventDate "2020.09.12"]
[EventType "swiss"]
[EventCountry "POL"]
[SourceTitle "playchess.com"]
[Source "ChessBase"]
[SourceQuality "1"]

{[%evp 19,63,7,20,15,17,12,38,8,16,8,30,18,31,25,31,4,78,70,63,61,72,69,58,16,14,17,18,-7,111,64,152,152,144,146,484,217,488,481,679,672,693,673,700,660,635,627]} 1. d4 Nf6 2. Nf3 e6 3. e3 b6 4. b3 Bb7 5. Bb2 Be7 6. Bd3 O-O 7. O-O d5 8. Qe2 Nbd7 9. Nbd2 Ne4 10. c4 c5 11. cxd5 {E14: Queen's Indian: Classical Variation (4 e3).} exd5 12. Rfd1 Bf6 13. Ba6 {[#] White is slightly better.} Bxa6 $146 ({Predecessor:} 13... Qc7 14. Rac1 Rac8 15. Bxb7 Qxb7 16. Nf1 Rfd8 17. Ng3 Nxg3 18. hxg3 a5 19. a4 Qc6 {½-½ (54) Koneru,H (2557)-Saduakassova,D (2428) Doha 2016}) 14. Qxa6 cxd4 15. Nxd4 Ndc5 16. Qe2 Qd7 17. b4 Na4 (17... Nxd2 $11 18. Qxd2 (18. Rxd2 Ne4 $11) (18. bxc5 Nc4 $11) 18... Ne4) 18. Nxe4 $16 dxe4 19. Nb5 Qe7 20. Bxf6 Qxf6 21. Rac1 Nb2 22. Rd4 $36 {[%mdl 2048] Black is under pressure.} Nd3 23. Rc2 Rfc8 (23... Rad8 $11) 24. h3 Qe5 (24... Rxc2 $14 25. Qxc2 Qg6) 25. Nd6 Rxc2 26. Qxc2 g6 $2 {[%mdl 8192] [#] This move loses the game for Black.} (26... h6 $16 {is a better chance.} 27. Nxe4 Nf4) 27. Qc4 (27. Qc6 $142 Rf8 28. Nxe4) 27... Rf8 $2 (27... Qe6 {might work better.} 28. Qxe6 (28. Nxe4 Qxc4 29. Rxc4 Rd8 $16) 28... fxe6 29. Nxe4 Nc1) 28. Nxe4 $18 {White is clearly winning.} Nb2 (28... Nxf2 $142 29. Kxf2 Re8) 29. Qc2 f5 30. Nd2 ({Not} 30. Qxb2 fxe4 31. a4 Re8 $16) 30... f4 31. Qxb2 fxe3 32. Qb3+ {[%mdl 64] Double Attack. Accuracy: White = 60%, Black = 31%.} 1-0

[Event "Chesscup Blitz 2020"]
[Site "Katowice"]
[Date "2020.09.12"]
[Round "10.4"]
[White "Sadzikowski, Daniel"]
[Black "Jarmula, Lukasz"]
[Result "1/2-1/2"]
[WhiteElo "2413"]
[BlackElo "2244"]
[Annotator "TA"]
[PlyCount "63"]
[EventDate "2020.09.12"]
[EventType "swiss"]
[EventCountry "POL"]
[SourceTitle "playchess.com"]
[Source "ChessBase"]
[SourceQuality "1"]

{[%evp 14,63,0,0,0,-20,-8,-13,0,-10,-25,-12,-28,-47,-45,-35,-50,-56,-53,-62,0,0,8,0,0,0,4,6,18,12,29,22,26,0,35,0,26,0,33,28,41,48,62,0,0,0,0,0,0,0,0,-43]} 1. Nf3 d5 2. e3 Nf6 3. c4 e6 4. b3 c5 5. Bb2 Nc6 6. cxd5 exd5 7. Bb5 Bd6 8. O-O O-O {A13: English Opening: 1...e6.} 9. Bxc6 bxc6 10. d3 Bf5 {[#]} 11. Be5 $146 ({Predecessor:} 11. Re1 Re8 12. Qc2 c4 13. bxc4 dxc4 14. Qxc4 Bxd3 15. Qh4 Ne4 16. Qxd8 Raxd8 17. Nc3 {0-1 (53) Rotstein,A (2521)-Godena,M (2528) Saint Vincent 2006}) 11... Re8 12. Bxd6 Qxd6 13. Qc2 {[#]} c4 $1 {[%mdl 576] Decoy} 14. bxc4 dxc4 15. Qxc4 Bxd3 16. Rd1 {[#]} Bxc4 (16... Qxh2+ $1 $15 {[%mdl 512]} 17. Kxh2 (17. Nxh2 Bxc4) 17... Bxc4) 17. Rxd6 $11 Rad8 $132 {[%mdl 2048] Black is fighting back} 18. Rxd8 Rxd8 19. Nc3 Be6 20. h3 h6 21. Nd4 Bd7 22. Nb3 Be6 23. Nd4 Bd7 24. Nb3 Be6 25. Nc5 Bc4 26. Rc1 Rb8 27. a3 a5 28. N3e4 (28. e4 $14) 28... Nxe4 {The position is equal.} 29. Nxe4 Bd5 30. Nc3 Rb3 31. Nxd5 cxd5 32. Rc5 {Accuracy: White = 84%, Black = 87%.} 1/2-1/2